6 billions to feed

Kaydedildi:
Detaylı Bibliyografya
Müşterek Yazar: FAO
Materyal Türü: Kitap
Dil:Undetermined
Baskı/Yayın Bilgisi: Rome Food and Agriculture Organization of the United Nations 1962
Konular:
Etiketler: Etiketle
Etiket eklenmemiş, İlk siz ekleyin!
Thư viện lưu trữ: Trung tâm Học liệu Trường Đại học Cần Thơ
LEADER 00475nam a2200181Ia 4500
001 CTU_23586
008 210402s9999 xx 000 0 und d
082 |a 627.134 
082 |b S625 
110 |a FAO 
245 0 |a 6 billions to feed 
245 0 |c FAO 
260 |a Rome 
260 |b Food and Agriculture Organization of the United Nations 
260 |c 1962 
650 |a foodstuff 
904 |i Sáng, 980427 
980 |a Trung tâm Học liệu Trường Đại học Cần Thơ